| 000 | 00595nam a2200169 a 4500 | ||
|---|---|---|---|
| 001 | 000041610 | ||
| 005 | 20201002035650.0 | ||
| 008 | 131014s1999 sp 000 0 spa d | ||
| 020 | _a9580458138 | ||
| 040 |
_aDO-SdBNP _bspa _cBNPHU |
||
| 082 |
_axxxx _bxxxx |
||
| 100 | 1 |
_aShapiro, David A. _968385 |
|
| 245 | 1 | 0 |
_aCómo tomar decisiones correctas / : _bsabiduría práctica para enfrentar los dilemas morales de todos los días / _cDavid A. Shapiro ; traducción Elvira Maldonado. |
| 260 |
_aBarcelona : _bNorma, _c1999. |
||
| 300 |
_a281 p. ; _c22 cm. |
||
| 700 | 1 |
_aMaldonado, Elvira, _etr. _968386 |
|
| 999 |
_c41100 _d41100 |
||